000 00521nam a2200181Ia 4500
999 _c28513
_d28513
003 OSt
005 20201111100005.0
008 190216s9999||||xx |||||||||||||| ||und||
020 _a9788124015599
040 _coclc
082 _a894.8123
_bMAL/S
100 _a Malapparambu, Bhasi
_96432
245 0 _aSushamayute Olimpic Parvom /
_cBhasi Malapparambu
260 _bCurrent Books,
_aKottayam:
_c2005.
300 _a136p
650 _aNovel
942 _cBK
_2ddc
_h894.8123
_iMAL/S
_k894.8123
_mMAL/S